[Event "XXVII RUS-chT Premier 2020"]
[Site "Sochi"]
[Date "2020.11.25"]
[Round "6.18"]
[White "Linker, Mikhail"]
[Black "Kryakvin, Dmitry"]
[Result "1/2-1/2"]
[WhiteElo "2269"]
[BlackElo "2577"]
[Annotator "TA"]
[PlyCount "106"]
[EventDate "2020.11.19"]
[EventType "team-tourn"]
[EventCountry "RUS"]
[SourceTitle "playchess.com"]
[Source "ChessBase"]
[SourceQuality "1"]

{[%evp 16,106,45,43,37,18,20,20,15,18,6,8,9,9,10,7,0,0,10,-4,23,20,21,13,18,0,0,-34,-32,-26,0,-3,0,-67,-68,-55,-75,-66,-75,-87,-49,-64,-55,-51,-45,-131,-28,-24,-22,-23,-22,-27,-22,-21,-23,-36,-14,-27,-10,-23,-15,-16,-8,-19,-8,-34,0,0,0,-13,0,0,0,0,0,0,0,0,0,0,0,0,0,0,0,0,0,-1,0,0,0,0,0]} 1. e4 c5 2. Nf3 Nc6 3. d4 cxd4 4. Nxd4 e5 5. Nb5 d6 6. N1c3 a6 7. Na3 b5 8. Nd5 Nge7 9. c4 Nxd5 $1 {[%mdl 4] is recently more successful than 9...Nd4. B32: Sicilian: Löwenthal and Kalashnikov Variations.} 10. cxd5 Nd4 11. Nc2 {[#]} Bg4 $1 {[%mdl 512]} 12. Qd3 (12. Qxg4 Nxc2+) 12... Nxc2+ 13. Qxc2 Rc8 14. Qb3 Be7 15. Bd3 O-O 16. O-O Bd7 {[#]} 17. Bd2 $146 ({Predecessor:} 17. f4 exf4 18. Bxf4 Bf6 19. Rae1 Re8 20. Kh1 Be5 21. Bxe5 Rxe5 22. Re2 f6 23. Ref2 {0-1 (41) Kubicki,U-Besenthal,K (2104) Lueneburg 2015}) 17... h6 18. Qa3 Qb6 19. Be3 Qb7 20. f4 exf4 21. Bd4 f5 22. Rxf4 Bf6 23. Bxf6 ({But not} 23. exf5 $2 Bxd4+ 24. Kf1 Be5 $19) 23... Rxf6 24. Raf1 (24. exf5 $11 Qxd5 25. Qb3) 24... Qb6+ $15 25. Kh1 {[%cal Re4f5]} g5 $1 {[%cal Rg5f4]} 26. R4f2 {[%cal Re4f5]} f4 27. e5 {[%mdl 64] Decoy} dxe5 {And now ...b4 would win.} 28. Qe7 Bf5 29. Bxf5 Rxf5 30. g4 {[#]} (30. Rd2 $15 Rf7 31. Qxe5) 30... Rf6 ({Black should play} 30... Rff8 $1 $17 {[%cal Rf8e8] Strongly threatening ...Rfe8.} 31. Qxe5 Rfe8) 31. Qxe5 $11 Qd6 32. Qxd6 Rxd6 {[%mdl 4096] Endgame KRR-KRR} 33. Rd2 Kf7 34. Kg2 Kf6 35. Kf3 Re8 36. Rd3 Re5 37. Rfd1 a5 38. h4 Ke7 39. h5 Kd7 40. Kf2 Kc7 41. Kf3 {The position is equal.} Kb6 42. Kf2 a4 43. b3 Ka5 44. bxa4 Kxa4 45. Rd4+ Ka5 46. R4d3 Kb6 47. a3 Kc7 48. Rc1+ Kb6 49. Rcd1 Re4 50. Rc1 Rc4 51. Rcd1 Re4 52. Rc1 Rc4 53. Re1 Kc5 {Weighted Error Value: White=0.09/Black=0.08} 1/2-1/2

[Event "XXVII RUS-chT Premier 2020"]
[Site "Sochi"]
[Date "2020.11.25"]
[Round "6.19"]
[White "Iljiushenok, Ilia"]
[Black "Rublevsky, Sergei"]
[Result "1/2-1/2"]
[WhiteElo "2539"]
[BlackElo "2653"]
[Annotator "TA"]
[PlyCount "58"]
[EventDate "2020.11.19"]
[EventType "team-tourn"]
[EventCountry "RUS"]
[SourceTitle "playchess.com"]
[Source "ChessBase"]
[SourceQuality "1"]

{[%evp 10,58,33,24,47,15,17,12,18,32,22,9,14,30,22,22,59,60,65,56,58,60,60,64,69,18,17,0,18,0,0,0,0,0,20,-77,33,33,35,35,85,85,91,9,7,0,98,0,6,0,91]} 1. e4 c5 2. Nf3 e6 3. d4 cxd4 4. Nxd4 Nc6 5. Nc3 a6 6. g3 d6 {B46: Sicilian: Taimanov: 5 Nc3 a6.} 7. Nxc6 bxc6 8. Bg2 d5 9. O-O Nf6 10. Na4 Be7 {[#]} 11. Qe2 $146 ({Predecessor:} 11. c4 O-O 12. Qe2 a5 13. b3 Ba6 14. Bb2 Qb8 15. Bc3 Rd8 16. Rfc1 Nxe4 17. Bxe4 dxe4 {0-1 (71) Sanal,V (2535)-Rublevsky,S (2652) Subotica 2019}) 11... O-O 12. b3 Nxe4 13. Bxe4 dxe4 14. Rd1 Qc7 15. Qxe4 e5 16. Be3 Be6 17. Bc5 (17. Bb6 $14 Qc8 18. Qe3 (18. Qxe5 Bf6 $17)) 17... f5 $11 18. Qe2 f4 19. Bxe7 Qxe7 20. Qxe5 {Strongly threatening Rd6.} fxg3 21. fxg3 (21. Qxg3 $2 Rf6 $19) 21... Rf5 22. Qe3 (22. Qd4 $1 $11) 22... Qf6 (22... Raf8 $17) 23. Re1 $14 Bf7 24. Nb6 $36 {[%mdl 2048] Black is under pressure.} Rf3 25. Qe4 Qc3 {[#] White must now prevent ...Qc5+.} 26. Na4 (26. Nxa8 Qc5+ 27. Kg2 (27. Kh1 $2 Bd5 $19) 27... Qf2+ 28. Kh1 Bd5 $19) (26. Qe5 $1 $16 Qxe5 27. Rxe5) 26... Qf6 $11 {aiming for ...Bd5.} 27. Nb6 (27. Rad1 $11) 27... Qc3 $1 $16 {[%cal Rc3c5] [#] And now ...Qc5+ would win.} 28. Na4 ({Stronger than} 28. Nxa8 Qc5+ 29. Kg2 (29. Kh1 $2 Bd5 $19) 29... Rf2+ 30. Kh3 (30. Kh1 {leads to mate.} Qh5 31. h4 Bd5 32. Kg1 Bxe4 33. Rxe4 Qf3 {[%mdl 64] Double Attack} 34. Re8+ Kf7 35. Re7+ {[%mdl 64] Decoy} Kxe7 36. Re1+ Kf7 37. Re7+ Kxe7 38. Nc7 Qg2#) 30... Qh5+ 31. Qh4 Qd5 $17) ({White should play} 28. Qe5 $1 $16 Re8 29. Qxc3 Rxc3 30. Rxe8+ Bxe8 31. Rc1) 28... Qf6 $11 {Hoping for ...Bd5.} 29. Nb6 (29. Rad1 $11) 29... Qc3 $1 {Weighted Error Value: White=0.25/Black=0.15} 1/2-1/2

[Event "XXVII RUS-chT Premier 2020"]
[Site "Sochi"]
[Date "2020.11.25"]
[Round "6.20"]
[White "Zvjaginsev, Vadim"]
[Black "Bykov, Oleg"]
[Result "1-0"]
[WhiteElo "2602"]
[BlackElo "2362"]
[Annotator "TA"]
[PlyCount "123"]
[EventDate "2020.11.19"]
[EventType "team-tourn"]
[EventCountry "RUS"]
[SourceTitle "playchess.com"]
[Source "ChessBase"]
[SourceQuality "1"]

{[%evp 18,123,59,48,16,15,24,26,27,24,23,20,26,0,6,0,0,3,8,6,13,18,32,16,41,41,38,11,43,39,23,23,24,24,25,26,41,39,33,21,23,14,22,21,21,8,59,57,51,52,71,73,56,71,57,43,34,57,36,20,31,39,86,8,8,8,8,8,18,32,56,8,8,8,65,65,65,65,65,65,65,65,65,65,66,78,66,66,81,87,1370,1479,1363,1356,1311,1271,1098,1098,929,877,848,837,29971,29973,29982,29983,29980,29969]} 1. Nf3 Nf6 2. g3 g6 3. b3 Bg7 4. Bb2 O-O 5. Bg2 d6 6. d4 e5 7. dxe5 Ng4 8. Nc3 Nxe5 9. Nxe5 Bxe5 10. O-O c6 {A49: 1 d4 Nf6 2 Nf3 g6 3 g3: Anti-King's Indian systems.} 11. e4 f5 12. f4 Bg7 {White has an edge.} 13. Rb1 Na6 {[#]} 14. Qd2 $146 ({Predecessor:} 14. exf5 Bxf5 15. g4 Bc8 16. Na4 Bxb2 17. Nxb2 d5 18. Nd3 Be6 19. Qe2 Qb6+ 20. Kh1 {1-0 (33) Kurajica,B (2548)-Runic,Z (2433) Banja Vrucica 2006}) 14... Nc5 15. exf5 Bxf5 16. b4 Ne6 17. Nd1 {[%cal Bc3d1,Bd1e3,Be3c4,Bc4d2][%mdl 32]} Bxb2 18. Rxb2 d5 19. Ne3 Qb6 20. Qf2 Be4 21. Bxe4 dxe4 22. Nc4 Qa6 23. Nd2 Qa3 24. Rb3 Qxa2 25. Nxe4 Rad8 26. Re3 Nd4 27. c3 Qxf2+ 28. Rxf2 Nf5 29. Re1 Rd3 30. Ra2 a6 31. Rc2 Rf7 (31... Ne3 $11 32. Rcc1 Nd5) 32. Nc5 $14 Re3 33. Kf2 Rfe7 34. Rce2 Rxe2+ 35. Rxe2 Rxe2+ 36. Kxe2 $16 {[%mdl 4096] Endgame KN-KN} Nd6 37. Kd3 Kf7 38. g4 Ke7 39. h3 h6 40. c4 ({Better is} 40. Kd4 $16) 40... b5 $1 $11 41. cxb5 axb5 42. Kd4 {And now Nd3 would win.} Nc4 43. Nd3 {Strongly threatening Ne5.} Kd6 $1 44. Ne5 Nb6 $1 ({Not} 44... Nxe5 $2 45. fxe5+ Ke6 46. Kc5 $18) 45. Nf7+ Ke7 (45... Ke6 $11 46. Nxh6 Nd5) 46. Nxh6 $14 {h4 is the strong threat.} Nd5 47. Kc5 {Hoping for h4.} Nxf4 48. Kxc6 Nxh3 49. Kxb5 {Threatens to win with Kc6.} Ng5 50. Kc6 {Black must now prevent b5.} Ne6 $1 51. Kd5 Kf6 52. Ng8+ $1 Kf7 53. Kd6 $1 Ng5 $2 {[%mdl 8192] Black cannot hold the game after this.} (53... Nd4 $16) 54. b5 $18 Ne4+ 55. Kc6 $1 Nd2 56. Kd5 Nb3 57. b6 {Intending b7 and mate.} Na5 58. Nh6+ Kf6 {[#]} 59. Kc5 $1 {[%cal Rc5b5]} Kg5 {[#]} 60. Nf7+ $1 {White mates.} Kxg4 61. Nd6 Nb3+ 62. Kd5 {Weighted Error Value: White=0.06/Black=0.23} 1-0

[Event "XXVII RUS-chT Premier 2020"]
[Site "Sochi"]
[Date "2020.11.25"]
[Round "6.21"]
[White "Nozdrachev, Leonid"]
[Black "Potkin, Vladimir"]
[Result "1/2-1/2"]
[WhiteElo "2391"]
[BlackElo "2583"]
[Annotator "TA"]
[PlyCount "94"]
[EventDate "2020.11.19"]
[EventType "team-tourn"]
[EventCountry "RUS"]
[SourceTitle "playchess.com"]
[Source "ChessBase"]
[SourceQuality "1"]

{[%evp 11,94,35,25,14,19,22,17,4,19,20,15,7,7,7,7,2,2,0,0,0,16,11,16,16,15,15,25,7,42,43,45,18,20,23,32,21,16,15,19,0,0,0,0,0,0,0,0,0,0,0,0,0,0,-12,-12,-12,-12,-19,-12,-12,-12,-12,-12,-12,-12,-12,-12,-12,0,0,0,0,0,0,0,0,0,0,0,0,0,0,0,0,0]} 1. d4 Nf6 2. c4 e6 3. Nf3 d5 4. g3 dxc4 5. Bg2 a6 6. O-O Nc6 7. Bg5 {E04: Open Catalan: 5 Nf3.} Be7 8. e3 O-O $1 {[%mdl 4] is recently more successful than 8...Bd7.} 9. Qe2 h6 10. Bxf6 Bxf6 {[#]} 11. Nbd2 $146 ({Predecessor:} 11. Rd1 Na5 12. Nfd2 c5 13. Na3 cxd4 14. exd4 Bd7 15. Naxc4 Bb5 16. a4 Bxc4 17. Nxc4 Nxc4 18. Qxc4 Rc8 19. Qb4 a5 20. Qd2 Qb6 {½-½ (20) Lenderman,A (2621)-Azarov,S (2597) Dayton 2016}) 11... e5 12. dxe5 Nxe5 13. Nxe5 Bxe5 14. Nxc4 Bf6 15. Rad1 Qe7 16. e4 Be6 17. e5 Bxc4 18. Qxc4 Bxe5 19. Rfe1 {[#] aiming for f4.} Qf6 20. Bxb7 Rad8 21. Qxa6 Bxb2 22. Qxf6 Bxf6 23. a4 Bc3 {The position is equal.} 24. Rxd8 Rxd8 $11 {[%mdl 4096] Endgame KRB-KRB} 25. Rc1 Ba5 26. Rc5 Bb6 27. Rd5 Rxd5 28. Bxd5 {KB-KB} Kf8 29. Kf1 Ke7 30. Ke2 f6 31. Bc6 Kd6 32. Be8 Kd5 33. f3 c5 34. Kd1 Kd4 35. Kc2 Ba5 36. Bg6 c4 37. g4 Ke3 38. Be4 g5 39. Bd5 c3 40. Be4 Ke2 41. Kb3 Kd2 42. Bf5 Ke2 43. Be4 Kd2 44. Bf5 Ke3 45. Be4 Kd4 46. Bf5 Ke3 47. Be4 Kd4 {Weighted Error Value: White=0.03/Black=0.02} 1/2-1/2

[Event "XXVII RUS-chT Premier 2020"]
[Site "Sochi"]
[Date "2020.11.25"]
[Round "6.22"]
[White "Kornev, Alexei"]
[Black "Smirnov, Timofey"]
[Result "0-1"]
[WhiteElo "2515"]
[BlackElo "2394"]
[Annotator "TA"]
[PlyCount "200"]
[EventDate "2020.11.19"]
[EventType "team-tourn"]
[EventCountry "RUS"]
[SourceTitle "playchess.com"]
[Source "ChessBase"]
[SourceQuality "1"]

{[%evp 10,200,42,37,37,8,8,6,10,3,29,19,3,0,11,0,29,-9,-3,-44,-15,-43,6,-15,24,15,4,5,18,9,17,8,7,6,8,0,0,0,0,0,14,14,26,19,34,10,27,0,0,15,50,25,45,52,88,50,41,44,44,32,58,60,64,53,59,41,43,22,43,41,56,51,87,33,55,42,76,44,52,22,37,35,50,31,181,30,66,33,94,103,86,102,91,0,0,0,0,0,0,0,0,0,0,0,0,-12,-18,-6,0,0,0,-148,-109,-180,-195,-231,-188,-387,-382,-360,-258,-270,-147,-189,-189,-189,-196,-190,-164,-216,-189,-174,-338,-91,0,-167,-169,-182,-31,-188,-35,-58,-62,-62,-59,-59,-65,-59,-59,-59,0,-66,-60,-1301,-56,-58,0,-837,-43,-1005,-984,-476,-676,-669,-522,-1297,-1293,-1222,-1207,-1059,0,0,0,-29960,-29957,-29941,-8002,-29975,-29977,-29977,-29976,-29983,-29984,-29985,-29975,-29984,-29985,-29991,-29992,-29992,-29993,-29993,-29994]} 1. c4 c6 2. Nc3 d5 3. e3 e6 4. Nf3 f5 5. b3 Nf6 6. Bb2 Bd6 {A11: English Opening: 1...c6.} 7. Qc2 O-O 8. Be2 Qe7 {The position is equal.} 9. O-O a6 10. Rac1 Nbd7 {[#]} 11. cxd5 $146 ({Predecessor:} 11. d4 Ne4 12. Nxe4 fxe4 13. Ne5 Qg5 14. Qc3 Rf5 15. f4 exf3 16. Nxf3 Qh6 17. g3 Nf6 18. Ne5 Ne4 19. Rf4 Nxc3 {0-1 (19) Albano,A (2276)-Binder,E (2140) ICCF email 2017}) 11... cxd5 12. Nd4 b6 13. f4 (13. b4 $5) 13... Bb7 14. Bf3 Rac8 15. Qb1 Rc7 16. Nce2 Rfc8 17. Rxc7 Rxc7 18. Rc1 Rc5 19. Nc3 Rc7 20. Na4 b5 21. Rxc7 Bxc7 22. Qc2 Bb8 23. Nc3 {[%cal Ba4c3,Bc3e2,Be2c1,Bc1d3,Bd3e1][%mdl 32]} g6 24. g3 Kf7 25. Bg2 Qc5 26. Qd1 b4 27. Nce2 Qa5 28. Qa1 Bd6 29. Nf3 h6 30. Nc1 Qc7 31. Nd3 Qc2 32. Nde1 Qc7 33. Bd4 a5 34. Bf1 Be7 35. Bb5 Kg8 36. Qb2 Kh7 37. Nd3 Ne4 38. Nde5 Ndf6 39. Kg2 Nd6 40. Be2 Nfe4 41. h3 (41. Nh4 $16) 41... Bd8 42. g4 Be7 43. Kh2 Bf6 44. Qb1 g5 45. Bd3 Kg8 46. Qg1 Kf8 {[#]} (46... Qg7 $14) 47. Qg2 $2 ({Better is} 47. Bb6 $1 $18 {[%cal Rb6c7][%mdl 512]} Qc8 (47... Qxb6 48. Nd7+) 48. Bxa5) 47... Kg8 48. Ng6 Kg7 (48... Qf7 $14 49. Nge5 Qc7) 49. Bxf6+ $16 Kxf6 50. Nge5 $1 Nf7 {[%cal Rf7e5]} 51. gxf5 (51. h4 $16) 51... exf5 $11 52. Nxf7 Kxf7 53. Ne5+ Ke6 54. Qe2 Qc1 55. Nf3 Kf6 56. Qg2 Qc7 57. Bxe4 dxe4 58. Ne5 Qc2 59. Qe2 Qxa2 60. Kg3 (60. h4 $1 $11 {was the only way to keep the balance.}) 60... Qb1 $36 {[%mdl 2048] Black is really pushing.} (60... Qxb3 $6 61. Qh5 $11) (60... gxf4+ 61. Kxf4 Qxb3 62. Qh5 $11) 61. Kf2 {Cut Off at move 61} (61. Kh2 $17 {was necessary.} Qc1 62. Nd7+ Kg7 63. Ne5) 61... Qc1 (61... Qxb3 62. Qh5 $11) 62. Nc4 Ba6 {...Bxc4 is the strong threat.} 63. Qh5 Bxc4 64. Qxh6+ {[#]} Kf7 $1 65. Qh7+ {[#]} Ke8 $1 66. Qh8+ {[#]} Ke7 $1 67. bxc4 {Black must now prevent Qe5+.} Qxd2+ $19 {[%mdl 4096] Endgame KQ-KQ} 68. Kf1 Qd1+ ({Worse is} 68... gxf4 69. Qe5+ Kf8 70. Qxf5+ Ke7 71. Qe5+ Kf8 72. Qf5+ Ke8 73. Qh5+ Kf8 74. Qf5+ $11) 69. Kg2 Qe2+ 70. Kh1 Qf1+ ({Not} 70... Qxe3 71. Qg7+ Ke8 72. Qg8+ Ke7 73. Qg7+ Kd8 74. Qf6+ Ke8 75. Qe6+ Kf8 76. Qxf5+ Ke8 77. Qb5+ Kf8 78. Qf5+ Kg8 79. Qxg5+ Kh8 80. Qd8+ Kh7 81. Qh4+ Kg8 82. Qg5+ Kf8 83. Qf5+ Ke8 84. Qh5+ Kd8 85. Qxa5+ Kd7 86. Qd5+ Kc8 87. Qe6+ Kd8 88. Qd6+ Kc8 89. Qxb4 $11) (70... Qxc4 $19 {aiming for ...gxf4.} 71. Qe5+ Qe6 72. Qxa5 b3 73. fxg5 Kf7) 71. Kh2 $17 Qe2+ ({Of course not} 71... gxf4 $6 72. Qe5+ Kf8 73. Qxf5+ Ke8 74. Qe5+ Kd8 75. Qxa5+ Ke8 76. Qb5+ Kf7 77. Qb7+ Kf6 78. Qb6+ Kg5 79. Qc5+ Kh4 80. Qe7+ Kh5 81. Qe5+ Kh4 82. Qf6+ Kh5 83. Qf5+ Kh6 84. Qe6+ Kg7 85. Qe7+ Kh8 86. Qe8+ Kg7 87. Qe7+ Kh8 88. Qe8+ Kg7 89. Qe7+ $11) (71... Qf2+ $17 72. Kh1 Qf3+ 73. Kh2 Qf2+ 74. Kh1 Qf3+ 75. Kh2 Qf2+) 72. Kh1 $19 Qxc4 73. fxg5 {[#]} b3 $2 (73... f4 $1 $19 {[%mdl 512] And now ...Qf1+ would win.} 74. Qf6+ (74. exf4 Qf1+) 74... Kd7 75. Qxf4 Qe6) 74. Qe5+ $2 (74. Qf6+ $15 Kd7 75. Qxf5+ Kd6 76. Qf8+ Kd7 77. Qg7+ Kc6 78. Qf6+ Kc5 79. g6) 74... Kd7 $2 ({Black should play} 74... Qe6 $19 75. Qxa5 Kf7) 75. g6 Qf1+ 76. Kh2 Qf2+ 77. Kh1 Qe1+ 78. Kh2 Qd2+ 79. Kh1 b2 (79... Qd1+ $15 80. Kh2 Qd2+ 81. Kh1 Qe1+ 82. Kg2 Qd2+ 83. Kh1) 80. Qxf5+ ({Only move:} 80. Qb5+ $1 $11 Kd6 81. Qb6+ Ke7 82. Qb7+ Kf6 83. Qf7+ Kg5 84. Qe7+ Kxg6 85. Qe6+ Kh5 86. Qxf5+ Kh6 87. Qf6+ Kh7 88. Qf7+ Kh8 89. Qf8+ Kh7 90. Qf7+ Kh8 91. Qf8+ Kh7 92. Qf7+) 80... Kc6 $15 81. Qe6+ $2 {[%mdl 8192]} (81. Qc8+ $15 Kb5 82. Qe8+ Kb6 83. Qe6+ Kc7 84. Qe5+ Kd7 85. Qb5+ Ke7 86. Qe5+ Kd7 87. Qb5+ Ke7 88. Qe5+ Kd7) 81... Kc5 $2 (81... Qd6 $19 82. Qb3 Qb4 83. Qe6+ Kc5 84. Qf5+ Kc4 85. Qf1+ Kc5 86. Qf5+ Kb6 87. Qe6+ Ka7 88. Qd7+ Qb7 89. Qd4+ Qb6 90. Qd7+ Kb8 $1 {[%mdl 512]} 91. Qe8+ Kb7 92. Qd7+ Kb8 $1 {[%mdl 512]} 93. Qe8+ Ka7 94. Qd7+ Ka6 $1 {[%mdl 512]} 95. Qc8+ Qb7 96. Qc4+ Kb6 97. Qd4+ Kc6 98. Qc3+ Kd6 99. Qf6+ Kd5 100. Qf5+ Kc4 101. Qf1+ Kc3 102. Qe1+ Kc2 103. Qf2+ Kd3 104. Qf1+ Kxe3 105. Qg1+ Kd3 106. Qd1+ Kc3 107. Qe1+ Kc2 108. Qf2+ Kb3) 82. Qe5+ Kc6 $2 {[%mdl 8192]} (82... Kb4 $15 83. Qxe4+ Kc3) 83. Qe6+ $1 $19 Kb5 $2 (83... Qd6 $19 84. Qc4+ Kb6 85. Qb3+ Qb4 86. Qe6+ Kc5 87. Qf5+ Kc4 88. Qf1+ Kc3) 84. Qe5+ $2 {[%mdl 8192] [#]} (84. Qe8+ $15 Kc5 85. Qe5+ Kc6 86. Qf6+ Kb5 87. Qf5+ Ka4 88. Qxe4+ Qb4 89. Qb1) 84... Ka4 $1 {[%cal Rb2b1]} 85. Qxe4+ Qb4 86. Qb1 Qc3 {Strongly threatening ...Qc1+.} 87. Kh2 Qd2+ 88. Kg3 Qxe3+ 89. Kh4 Qc1 $2 (89... Qd4+ $19 90. Kh5 Kb3) 90. Qe4+ $11 Ka3 91. Qe7+ $2 {[%mdl 8192] [#]} (91. Qf3+ $11 Kb4 92. Qe4+ Kc5 93. Qe5+ Kc6 94. Qf6+ Kd7 95. Qf5+ Ke7 96. Qf7+ Kd8 97. Qg8+ Ke7 98. Qf7+ Kd8 99. Qg8+ Kc7 100. Qf7+ Kd8) 91... Ka2 $1 92. Qe6+ Ka1 {( -> ...Qf4+)} 93. g7 Qf4+ {Black mates.} 94. Qg4 Qf2+ 95. Kg5 b1=Q 96. g8=Q Qb5+ 97. Kh6 Qf6+ 98. Q8g6 Qh8+ 99. Qh7 Qb6+ 100. Qgg6 Qe3+ {[%mdl 64] Double Attack.  Weighted Error Value: White=0.19/Black=0.18} 0-1

[Event "XXVII RUS-chT Premier 2020"]
[Site "Sochi"]
[Date "2020.11.25"]
[Round "6.23"]
[White "Tsoi, Dmitry"]
[Black "Chernyshov, Konstantin"]
[Result "1-0"]
[WhiteElo "2315"]
[BlackElo "2427"]
[Annotator "TA"]
[PlyCount "119"]
[EventDate "2020.11.19"]
[EventType "team-tourn"]
[EventCountry "RUS"]
[SourceTitle "playchess.com"]
[Source "ChessBase"]
[SourceQuality "1"]

{[%evp 15,119,-6,4,-16,0,-36,-33,-27,-25,-44,-33,-41,-42,-37,-15,-15,0,-14,-16,-14,-19,-8,0,-32,-25,-75,23,-8,-8,-6,-13,-7,-17,-43,-62,-50,-56,-76,-66,-87,-53,-68,-68,-84,-22,-43,-12,-31,-7,-6,0,0,0,0,27,18,18,19,38,20,81,81,144,17,130,113,258,259,259,259,263,251,312,314,307,285,429,429,386,425,425,423,417,362,435,365,410,289,271,216,198,184,307,302,282,254,971,882,29976,29976,29975,29976,29983,29984,29982,29983]} 1. f4 d5 2. Nf3 g6 3. e3 Bg7 4. d4 Nf6 5. Bd3 O-O 6. O-O b6 7. Qe2 c5 8. c3 a5 9. Nbd2 {A03: Bird's Opening with 1...d5.} Ba6 10. Ne5 Bxd3 11. Nxd3 {[#] Black is slightly better.} Qc8 $146 ({Predecessor:} 11... Nbd7 12. Nf3 Ne4 13. Bd2 c4 14. Nde5 f6 15. Nc6 Qe8 16. b4 Nb8 17. Nxb8 axb4 18. cxb4 {0-1 (48) Yung,C (1828)-Stojic,D (2135) Ballarat 2015}) 12. dxc5 bxc5 13. e4 e6 14. e5 Nfd7 (14... c4 $5 {[%cal Rc4d3]} 15. Nf2 Nfd7 $11) 15. b3 Re8 16. Ba3 a4 17. Qf2 {[%cal Ra3c5]} axb3 18. axb3 {[%cal Ra3c5]} Ra5 {Threatens to win with ...Qa6.} 19. b4 cxb4 20. cxb4 Rb5 (20... Ra4 $17) 21. Nb3 (21. Rfc1 $5 {[%cal Rc1c8]} Qb7 22. Nb1 $14) 21... Nc6 22. Rfc1 {Nd4 is the strong threat.} Qb7 23. Qc2 Rc8 24. Na5 Qb6+ 25. Qf2 Qa6 26. Qc2 {[%cal Ra5c6]} Na7 27. Qd2 Rbb8 28. Bb2 Rxc1+ 29. Rxc1 Rc8 (29... Bf8 $1 $17) 30. Rxc8+ Qxc8 (30... Nxc8 {is more complex.} 31. Qc2 Ncb6 32. Bd4 Bf8 33. Qc3 Qb5) 31. Qc3 (31. Bd4 $5 {[%cal Rd4a7]} Nb5 32. Bf2 $11) 31... Qxc3 32. Bxc3 Nb5 33. Bd2 Nb6 34. Kf2 Bf8 35. Nc6 Nc4 36. Be3 Kg7 37. g4 f6 (37... h5 $11) 38. Nd8 $16 Nc7 {[#]} ({Black should play} 38... fxe5 39. Nxe6+ Kf7 40. Ng5+ (40. Nxf8 Kxf8 41. fxe5 Kf7 $16) 40... Ke8) 39. Bd4 ({Only move:} 39. b5 $1 $16 {[%cal Rb5b6][%mdl 512] Strongly threatening b6.} Nxb5 40. Nxe6+ Kf7 41. Nxf8) 39... f5 (39... fxe5 $11 {remains equal.} 40. Nxe5 Kg8) 40. gxf5 gxf5 {Black cannot hold the game after this.} (40... exf5 $16 {is a better defense.} 41. Bc5 Kg8) 41. Bc5 $18 Kg8 {[#]} 42. Ke2 $1 Na3 43. Kd2 Nab5 44. Kc2 Kg7 45. Kb3 Bxc5 (45... Kg8 $142 46. Ka4 Bxc5) 46. Nxc5 {[%mdl 4096] Endgame KNN-KNN} ({Weaker is} 46. bxc5 Kf8 $11) 46... Nd4+ 47. Ka4 Kf8 48. Ka5 Ke7 49. Ndb7 Ncb5 50. Ka6 h5 51. h3 h4 52. Nd3 Kd7 53. Kb6 Na3 (53... Nc3 {keeps fighting.}) 54. Nbc5+ Ke7 55. Ka6 Nab5 $2 {[#]} (55... Kd8 56. Nc1 Kc8) 56. Nb3 $1 {[%mdl 512]} Kd7 (56... Nxb3 57. Kxb5) 57. Nxd4 {White mates.} Nxd4 58. b5 Kc7 59. b6+ Kb8 60. Nc5 {Weighted Error Value: White=0.18/Black=0.41} 1-0

[Event "XXVII RUS-chT Premier 2020"]
[Site "Sochi"]
[Date "2020.11.25"]
[Round "6.24"]
[White "Yagupov, Igor"]
[Black "Frolov, Aleksey G."]
[Result "1-0"]
[WhiteElo "2357"]
[BlackElo "2025"]
[Annotator "TA"]
[PlyCount "83"]
[EventDate "2020.11.19"]
[EventType "team-tourn"]
[EventCountry "RUS"]
[SourceTitle "playchess.com"]
[Source "ChessBase"]
[SourceQuality "1"]

{[%evp 15,83,6,24,23,27,29,25,20,27,30,33,26,26,38,68,0,0,0,0,-41,7,0,0,0,10,3,121,122,191,212,590,535,545,438,402,374,372,363,362,362,349,334,398,389,470,480,552,545,671,606,693,693,684,677,857,639,725,718,709,689,863,850,1325,1233,29981,29982,6203,824,795,779]} 1. d4 Nf6 2. c4 e6 3. Nc3 Bb4 4. e3 O-O 5. Nge2 b6 6. a3 Bxc3+ 7. Nxc3 Bb7 8. d5 d6 9. Be2 {E44: Nimzo-Indian: Rubinstein: 4...b6 5 Ne2.} c6 {[%cal Rc6d5]} 10. e4 cxd5 11. cxd5 {White has an edge.} exd5 12. exd5 Re8 13. O-O Nbd7 {[%cal Bb8d7,Bd7c5,Bc5e4][%mdl 32] [#]} 14. Be3 $146 ({Predecessor:} 14. Bf4 Ne5 15. Bb5 Nfd7 16. Re1 a6 17. Ba4 b5 18. Bc2 Nf6 19. h3 h6 20. Re3 {0-1 (29) De Lagontrie,J (1974)-Collier,D (2175) Port Erin 2006}) 14... Rc8 15. Qd4 ({White should try} 15. Nb5 $14) 15... Nc5 $11 16. Rad1 Nce4 17. Nb5 a6 18. Na7 $1 {[%cal Ra7c8]} Rc5 {[%cal Rf6d5]} 19. Nc6 $1 {[%cal Rc6d8]} Qd7 20. Nb4 b5 (20... a5 $11 21. Nd3 Ba6) 21. f3 $16 {White now steadily converts the win.} a5 (21... Ng5 $16) 22. fxe4 $18 axb4 $2 (22... Rxe4 {is tougher.} 23. Qd3 Rxe3 24. Qxe3 axb4) 23. Rxf6 gxf6 24. Qxf6 {[#] Intending Bh6 and mate.} Qd8 25. Qxd8 Rxd8 26. Bxc5 dxc5 27. axb4 (27. Bxb5 bxa3 28. bxa3 Kf8 $18) 27... cxb4 {[%mdl 4096] Endgame KRB-KRB} 28. Bg4 (28. Bxb5 Kg7) 28... Kg7 29. Rc1 Re8 30. Rc7 Rxe4 31. Be6 (31. Rxb7 Rxg4 32. h3 (32. Rxb5 Kf6 $14) 32... Rd4 $14) 31... Kh6 32. Rxf7 ({Not} 32. Rxb7 fxe6 33. dxe6 (33. Rxb5 exd5 34. Kf2 Rc4 $11) 33... Kg6 $16) 32... Bxd5 33. Bxd5 {KRB-KR} Rd4 34. Bf3 b3 35. Rf6+ Kg5 36. Rb6 b4 37. Kf2 Kf4 38. g3+ Kg5 39. Ke3 Rc4 40. h4+ Kf5 41. Rd6 Ke5 42. Rd5+ {Weighted Error Value: White=0.19/Black=0.60} 1-0